{"text_format":"3","workbook":"xlsx","n_sheets":7,"sheets":["表-04 单位工程预算价汇总表","表-08 分部分项工程和单价措施项目清单与计价表(含分部小计)","表-09 分部分项工程量清单综合单价分析表","表-11 总价措施项目清单与计价表","表-12 其他项目清单与计价汇总表","表-13 规费、税金项目清单与计价表","单位工程人材机汇总表"],"read":"whole","date_system":"1900"}

{"sheet":"表-04 单位工程预算价汇总表","index":0,"n_rows":38,"n_cols":6,"rows_kept":38,"merged":[[0,0,0,5],[1,0,1,2],[1,4,1,5],[2,2,2,4],[3,2,3,4],[4,2,4,4],[5,2,5,4],[6,2,6,4],[7,2,7,4],[8,2,8,4],[9,2,9,4],[10,2,10,4],[11,2,11,4],[12,2,12,4],[13,2,13,4],[14,2,14,4],[15,2,15,4],[16,2,16,4],[17,2,17,4],[18,2,18,4],[19,2,19,4],[20,2,20,4],[21,2,21,4],[22,2,22,4],[23,2,23,4],[24,2,24,4],[25,2,25,4],[26,2,26,4],[27,2,27,4],[28,2,28,4],[29,2,29,4],[30,2,30,4],[31,2,31,4],[32,2,32,4],[33,2,33,4],[34,2,34,4],[35,2,35,4],[36,0,36,1],[36,2,36,4],[37,0,37,2],[37,4,37,5]]}
["单位工程汇总表"]
["工程名称：板桥公园、廖地公园建设工程--文化围墙",null,null,"标段：","第 1 页  共 1 页"]
["序号","汇总内容","金额:(元)",null,null,"其中：暂估价(元)"]
["1","分部分项合计",98369.91]
["1.1","余泥渣土运输费",314.62]
["1.2","土石方工程",1302.83]
["1.3","砌筑工程",10013.93]
["1.4","混凝土及钢筋混凝土工程",41875.47]
["1.5","其他装饰工程",44863.06]
["2","措施合计",23202.66]
["2.1","绿色施工安全防护措施费",9007.43]
["2.2","其他措施费",14195.23]
["3","其他项目",1584.58,null,null,"－"]
["3.1","暂列金额"]
["3.2","暂估价"]
["3.3","计日工"]
["3.4","总承包服务费"]
["3.5","预算包干费",1584.58]
["3.6","工程优质费"]
["3.7","概算幅度差"]
["3.8","索赔费用"]
["3.9","现场签证费用"]
["3.10","其他费用"]
["4","税前工程造价",123157.15]
["5","增值税销项税额",11084.14,null,null,"－"]
["6","总造价",134241.29]
["7","人工费",30583.45]
{"$rows_empty":9}
["预算价合计=1+2+3+5",null,"134,241.29",null,null,"0.00"]
[{"$nulls":4},"表—04"]

{"sheet":"表-08 分部分项工程和单价措施项目清单与计价表(含分部小计)","index":1,"n_rows":104,"n_cols":11,"rows_kept":104,"merged":[[0,0,0,10],[1,0,1,3],[1,4,1,7],[1,8,1,10],[2,0,3,0],[2,1,3,1],[2,2,3,2],[2,3,3,4],[2,5,3,5],[2,6,3,6],[2,7,2,10],[3,7,3,8],[3,9,3,9],[4,3,4,4],[4,7,4,8],[5,3,5,4],[5,7,5,8],[6,3,6,4],[6,7,6,8],[7,3,7,4],[7,7,7,8],[8,3,8,4],[8,7,8,8],[9,3,9,4],[9,7,9,8],[10,3,10,4],[10,7,10,8],[11,3,11,4],[11,7,11,8],[12,3,12,4],[12,7,12,8],[13,3,13,4],[13,7,13,8],[14,3,14,4],[14,7,14,8],[15,3,15,4],[15,7,15,8],[16,3,16,4],[16,7,16,8],[17,3,17,4],[17,7,17,8],[18,3,18,4],[18,7,18,8],[19,3,19,4],[19,7,19,8],[20,3,20,4],[20,7,20,8],[21,3,21,4],[21,7,21,8],[22,0,22,8],[23,0,23,10],[24,0,24,3],[24,4,24,7],[24,8,24,10],[25,0,25,10],[26,0,26,3],[26,4,26,7],[26,8,26,10],[27,0,28,0],[27,1,28,1],[27,2,28,2],[27,3,28,4],[27,5,28,5],[27,6,28,6],[27,7,27,10],[28,7,28,8],[28,9,28,9],[29,3,29,4],[29,7,29,8],[30,3,30,4],[30,7,30,8],[31,3,31,4],[31,7,31,8],[32,3,32,4],[32,7,32,8],[33,3,33,4],[33,7,33,8],[34,3,34,4],[34,7,34,8],[35,3,35,4],[35,7,35,8],[36,3,36,4],[36,7,36,8],[37,3,37,4],[37,7,37,8],[38,3,38,4],[38,7,38,8],[39,3,39,4],[39,7,39,8],[40,3,40,4],[40,7,40,8],[41,3,41,4],[41,7,41,8],[42,3,42,4],[42,7,42,8],[43,3,43,4],[43,7,43,8],[44,0,44,8],[45,0,45,10],[46,0,46,3],[46,4,46,7],[46,8,46,10],[47,0,47,10],[48,0,48,3],[48,4,48,7],[48,8,48,10],[49,0,50,0],[49,1,50,1],[49,2,50,2],[49,3,50,4],[49,5,50,5],[49,6,50,6],[49,7,49,10],[50,7,50,8],[50,9,50,9],[51,3,51,4],[51,7,51,8],[52,3,52,4],[52,7,52,8],[53,3,53,4],[53,7,53,8],[54,3,54,4],[54,7,54,8],[55,3,55,4],[55,7,55,8],[56,3,56,4],[56,7,56,8],[57,3,57,4],[57,7,57,8],[58,3,58,4],[58,7,58,8],[59,3,59,4],[59,7,59,8],[60,3,60,4],[60,7,60,8],[61,3,61,4],[61,7,61,8],[62,3,62,4],[62,7,62,8],[63,3,63,4],[63,7,63,8],[64,3,64,4],[64,7,64,8],[65,3,65,4],[65,7,65,8],[66,3,66,4],[66,7,66,8],[67,3,67,4],[67,7,67,8],[68,3,68,4],[68,7,68,8],[69,0,69,8],[70,0,70,10],[71,0,71,3],[71,4,71,7],[71,8,71,10],[72,0,72,10],[73,0,73,3],[73,4,73,7],[73,8,73,10],[74,0,75,0],[74,1,75,1],[74,2,75,2],[74,3,75,4],[74,5,75,5],[74,6,75,6],[74,7,74,10],[75,7,75,8],[75,9,75,9],[76,3,76,4],[76,7,76,8],[77,3,77,4],[77,7,77,8],[78,3,78,4],[78,7,78,8],[79,3,79,4],[79,7,79,8],[80,3,80,4],[80,7,80,8],[81,3,81,4],[81,7,81,8],[82,3,82,4],[82,7,82,8],[83,3,83,4],[83,7,83,8],[84,3,84,4],[84,7,84,8],[85,3,85,4],[85,7,85,8],[86,3,86,4],[86,7,86,8],[87,3,87,4],[87,7,87,8],[88,3,88,4],[88,7,88,8],[89,3,89,4],[89,7,89,8],[90,3,90,4],[90,7,90,8],[91,3,91,4],[91,7,91,8],[92,3,92,4],[92,7,92,8],[93,3,93,4],[93,7,93,8],[94,3,94,4],[94,7,94,8],[95,3,95,4],[95,7,95,8],[96,3,96,4],[96,7,96,8],[97,3,97,4],[97,7,97,8],[98,3,98,4],[98,7,98,8],[99,3,99,4],[99,7,99,8],[100,0,100,8],[101,0,101,8],[102,0,102,10],[103,0,103,3],[103,4,103,7],[103,8,103,10]]}
["分部分项工程和单价措施项目清单与计价表"]
["工程名称：板桥公园、廖地公园建设工程--文化围墙",{"$nulls":3},"标段：",{"$nulls":3},"第 1 页  共 4 页"]
["序号","项目编码","项目名称","项目特征描述",null,"计量单位","工程量","金额（元）"]
[{"$nulls":7},"综合单价",null,"综合合价","其中：暂估价"]
[null,null,"余泥渣土运输费"]
[1,"010103002001","余方弃置","1.废弃料品种:土方\n2.运距:15km",null,"m3","24.22",12.99,null,314.62]
[null,null,"余泥渣土运输费合计",{"$nulls":6},314.62]
[null,null,"土石方工程"]
[2,"010101003001","挖沟槽土方","1.土壤类别:综合考虑\n2.挖土深度:综合考虑",null,"m3","40.4",7.88,null,318.35]
[3,"010101004001","挖基坑土方","1.土壤类别:综合考虑\n2.挖土深度:综合考虑",null,"m3","24.3",7.98,null,193.91]
[4,"010103001001","回填方","1.土质要求:回填土\n2.密实度要求:按规范要求，夯填",null,"m3","40.48",19.53,null,790.57]
[null,null,"土石方工程合计",{"$nulls":6},1302.83]
[null,null,"砌筑工程"]
[5,"010402001001","砌块墙","1.砌块品种、规格、强度等级:蒸压加气混凝土砌块\n2.墙体类型:200mm外墙\n3.砂浆强度等级:M7.5水泥砂浆",null,"m3","16.47",554.7,null,9135.91]
[6,"010402001002","砌块墙","1.砌块品种、规格、强度等级:蒸压加气混凝土砌块\n2.墙体类型:300mm外墙\n3.砂浆强度等级:M7.5水泥砂浆",null,"m3","1.64",535.38,null,878.02]
[null,null,"砌筑工程合计",{"$nulls":6},10013.93]
[null,null,"混凝土及钢筋混凝土工程"]
[7,"010501001001","垫层","1.混凝土种类:普通商品混凝土\n2.混凝土强度等级:C15",null,"m3","1.17",677.55,null,792.73]
[8,"010501002001","带形基础","1.混凝土种类:普通商品混凝土\n2.混凝土强度等级:C25",null,"m3","13.21",705.51,null,9319.79]
[9,"010501003001","独立基础","1.混凝土种类:普通商品混凝土\n2.混凝土强度等级:C25",null,"m3","3.15",705.51,null,2222.36]
[10,"010502001001","矩形柱","1.混凝土种类:普通商品混凝土\n2.混凝土强度等级:C25",null,"m3","1.65",824.61,null,1360.61]
[11,"010502002001","构造柱","1.混凝土种类:普通商品混凝土\n2.混凝土强度等级:C25",null,"m3","2.73",911.75,null,2489.08]
["本页小计",{"$nulls":8},27815.95]
["注：为计取规费等的使用，可在表中增设其中：“定额人工费”。"]
[{"$nulls":8},"表—08"]
["分部分项工程和单价措施项目清单与计价表"]
["工程名称：板桥公园、廖地公园建设工程--文化围墙",{"$nulls":3},"标段：",{"$nulls":3},"第 2 页  共 4 页"]
["序号","项目编码","项目名称","项目特征描述",null,"计量单位","工程量","金额（元）"]
[{"$nulls":7},"综合单价",null,"综合合价","其中：暂估价"]
[12,"010503001001","基础梁","1.混凝土种类:普通商品混凝土\n2.混凝土强度等级:C25",null,"m3","1.75",703.5,null,1231.13]
[13,"010505001001","有梁板","1.混凝土种类:普通商品混凝土\n2.混凝土强度等级:C25",null,"m3","4.81",721.86,null,3472.15]
[14,"010503004001","圈梁","1.混凝土种类:普通商品混凝土\n2.混凝土强度等级:C30",null,"m3","0.19",839.76,null,159.55]
[15,"010507005001","扶手、压顶","1.混凝土种类:普通商品混凝土\n2.混凝土强度等级:C30",null,"m3","4.04",1002.08,null,4048.4]
[16,"010503005001","过梁","1.混凝土种类:普通商品混凝土\n2.混凝土强度等级:C20",null,"m3","0.4",800.37,null,320.15]
[17,"010515001001","现浇构件钢筋","1.钢筋种类、规格:现浇构件圆钢 φ10内",null,"t","0.082",6066.9,null,497.49]
[18,"010515001002","现浇构件钢筋","1.钢筋种类、规格:现浇构件圆钢 φ25内",null,"t","0.017",5762.13,null,97.96]
[19,"010515001003","现浇构件钢筋","1.钢筋种类、规格:现浇构件带肋钢筋 φ25以内",null,"t","1.301",6358.5,null,8272.41]
[20,"010515001005","现浇构件钢筋","1.钢筋种类、规格:现浇构件带肋钢筋 φ10以内",null,"t","0.43",6646.11,null,2857.83]
[21,"010515001004","现浇构件钢筋","1.钢筋种类、规格:现浇构件箍筋 圆钢 φ10以内",null,"t","0.152",7463.38,null,1134.43]
[22,"010515001006","现浇构件钢筋","1.钢筋种类、规格:现浇构件箍筋 带肋钢筋(HRB400内) φ10以内",null,"t","0.456",7893.43,null,3599.4]
[null,null,"混凝土及钢筋混凝土工程合计",{"$nulls":6},41875.47]
[null,null,"其他装饰工程"]
[23,"040203008001","块料面层","1.300×600×30mm芝麻灰花岗岩\n2.30mm厚1 :3干硬性水洮砂浆结合层\n3.100mm厚C25混凝土\n4.100mm厚6%水泥石屑",null,"m2","12.95",293.46,null,3800.31]
[24,"011201001001","抹灰面油漆","1.滚刷油性氟碳漆2道\n2.按分缝要求弹线\n3.涂刷抗碱底漆2道\n4.打磨\n5.粗腻子1-2遍；细腻子1遍\n6.20厚1：2.5聚合物水泥砂浆\n7.刷素水泥一道\n8.8厚1:3水泥砂浆打底",null,"m2","147.05",172.24,null,25327.89]
["本页小计",{"$nulls":8},54819.1]
["注：为计取规费等的使用，可在表中增设其中：“定额人工费”。"]
[{"$nulls":8},"表—08"]
["分部分项工程和单价措施项目清单与计价表"]
["工程名称：板桥公园、廖地公园建设工程--文化围墙",{"$nulls":3},"标段：",{"$nulls":3},"第 3 页  共 4 页"]
["序号","项目编码","项目名称","项目特征描述",null,"计量单位","工程量","金额（元）"]
[{"$nulls":7},"综合单价",null,"综合合价","其中：暂估价"]
[25,"011204003001","块料墙面","1.面层材料品种、规格、颜色:240×60×10仿古青砖\n2.底层厚度、砂浆配合比:20厚1：2.5水泥砂浆",null,"m2","36.02",140.3,null,5053.61]
[26,"010901001001","瓦屋面","1.瓦品种、规格:蓝灰色陶瓦",null,"m2","23.38",97.65,null,2283.06]
[27,"01B001","灰蓝色陶瓦脊","1.灰蓝色陶瓦脊",null,"m","38.33",45,null,1724.85]
[28,"01B002","灰蓝色陶博古收头","1.灰蓝色陶博古收头",null,"个","4",150,null,600]
[29,"020111003001","成品挂落","1.成品挂落",null,"个","6",180,null,1080]
[30,"020602014001","成品塔顶","1.成品塔顶",null,"个","1",260,null,260]
[31,"010807001001","烧制瓦片拼接漏花","1.烧制瓦片拼接漏花",null,"m2","8.32",90.46,null,752.63]
[32,"011502001001","金属装饰线","1.2厚20×20铝管（深灰色）装饰条",null,"m","22.72",19.17,null,435.54]
[33,"050305004002","凉亭坐凳","1.凉亭坐凳制作、安装",null,"m","7",293.23,null,2052.61]
[34,"010804003001","铁艺门","1.20×20×1.5黑色镀锌钢管铁艺门\n2.20×3黑色镀锌铁艺门板\n3.具体做法:详见图纸",null,"m2","3.6",414.6,null,1492.56]
[null,null,"其他装饰工程合计",{"$nulls":6},44863.06]
[null,null,"分部分项合计",{"$nulls":6},98369.91]
[null,null,"措施项目"]
[35,"粤011701008001","综合钢脚手架","1.综合钢脚手架搭拆 高度(m以内) 12.5\n2.建筑用综合脚手架使用费",null,"m2","165.37",28.46,null,4706.43]
[36,"011702001001","基础","1.独立基础模板",null,"m2","8.4",50.62,null,425.21]
[37,"011702001003","基础","1.带形基础模板 有筋",null,"m2","28.51",53.27,null,1518.73]
[38,"011702001002","基础","1.基础垫层模板",null,"m2","25.09",29.86,null,749.19]
[39,"011702025001","其他现浇构件","1.小型构件模板",null,"m2","4.92",83.01,null,408.41]
["本页小计",{"$nulls":8},23542.83]
["注：为计取规费等的使用，可在表中增设其中：“定额人工费”。"]
[{"$nulls":8},"表—08"]
["分部分项工程和单价措施项目清单与计价表"]
["工程名称：板桥公园、廖地公园建设工程--文化围墙",{"$nulls":3},"标段：",{"$nulls":3},"第 4 页  共 4 页"]
["序号","项目编码","项目名称","项目特征描述",null,"计量单位","工程量","金额（元）"]
[{"$nulls":7},"综合单价",null,"综合合价","其中：暂估价"]
[40,"011702002001","矩形柱","1.矩形柱模板(周长m) 支模高度3.6m内 1.2内 \u007f实际支模高度(m):4.596",null,"m2","21.34",75.01,null,1600.71]
[41,"011702006001","矩形梁","1.单梁、连续梁模板(梁宽cm) 25以内 支模高度3.6m \u007f实际支模高度(m):3.796",null,"m2","17.72",76.32,null,1352.39]
[42,"011702003001","构造柱","1.矩形柱模板(周长m) 支模高度3.6m内 1.2内",null,"m2","41.46",70.56,null,2925.42]
[43,"011702005001","基础梁","1.基础梁模板",null,"m2","16.3",58.48,null,953.22]
[44,"011702014001","有梁板","1.有梁板模板 支模高度3.6m \u007f实际支模高度(m):4.39",null,"m2","25.64",72.85,null,1867.87]
[45,"011702008001","圈梁","1.圈梁模板 支模高度3.6m",null,"m2","1.76",51.32,null,90.32]
[46,"011702008002","压顶","1.压顶模板 支模高度3.6m",null,"m2","44.89",51.32,null,2303.75]
[null,null,"单价措施合计",{"$nulls":6},18901.65]
{"$rows_empty":16}
["本页小计",{"$nulls":8},11093.68]
["合   计",{"$nulls":8},117271.56]
["注：为计取规费等的使用，可在表中增设其中：“定额人工费”。"]
[{"$nulls":8},"表—08"]

{"sheet":"表-09 分部分项工程量清单综合单价分析表","index":2,"n_rows":151,"n_cols":14,"rows_kept":151,"merged":[[0,0,0,13],[1,0,1,9],[1,10,1,13],[2,0,3,0],[2,1,3,1],[2,2,3,3],[2,4,3,4],[2,5,3,5],[2,6,2,12],[2,13,3,13],[3,9,3,10],[4,2,4,3],[4,9,4,10],[5,0,7,0],[5,2,5,3],[5,9,5,10],[5,13,5,13],[6,2,6,3],[6,9,6,10],[6,13,7,13],[7,2,7,3],[7,9,7,10],[8,2,8,3],[8,9,8,10],[9,2,9,3],[9,9,9,10],[10,0,12,0],[10,2,10,3],[10,9,10,10],[10,13,10,13],[11,2,11,3],[11,9,11,10],[11,13,12,13],[12,2,12,3],[12,9,12,10],[13,2,13,3],[13,9,13,10],[14,0,16,0],[14,2,14,3],[14,9,14,10],[14,13,14,13],[15,2,15,3],[15,9,15,10],[15,13,16,13],[16,2,16,3],[16,9,16,10],[17,2,17,3],[17,9,17,10],[18,0,19,0],[18,2,18,3],[18,9,18,10],[18,13,18,13],[19,2,19,3],[19,9,19,10],[19,13,19,13],[20,2,20,3],[20,9,20,10],[21,2,21,3],[21,9,21,10],[22,0,22,13],[23,0,23,9],[23,10,23,13],[24,0,25,0],[24,1,25,1],[24,2,25,3],[24,4,25,4],[24,5,25,5],[24,6,24,12],[24,13,25,13],[25,9,25,10],[26,0,27,0],[26,2,26,3],[26,9,26,10],[26,13,26,13],[27,2,27,3],[27,9,27,10],[27,13,27,13],[28,2,28,3],[28,9,28,10],[29,0,30,0],[29,2,29,3],[29,9,29,10],[29,13,29,13],[30,2,30,3],[30,9,30,10],[30,13,30,13],[31,2,31,3],[31,9,31,10],[32,2,32,3],[32,9,32,10],[33,0,34,0],[33,2,33,3],[33,9,33,10],[33,13,33,13],[34,2,34,3],[34,9,34,10],[34,13,34,13],[35,2,35,3],[35,9,35,10],[36,0,37,0],[36,2,36,3],[36,9,36,10],[36,13,36,13],[37,2,37,3],[37,9,37,10],[37,13,37,13],[38,2,38,3],[38,9,38,10],[39,0,40,0],[39,2,39,3],[39,9,39,10],[39,13,39,13],[40,2,40,3],[40,9,40,10],[40,13,40,13],[41,2,41,3],[41,9,41,10],[42,0,42,13],[43,0,43,9],[43,10,43,13],[44,0,45,0],[44,1,45,1],[44,2,45,3],[44,4,45,4],[44,5,45,5],[44,6,44,12],[44,13,45,13],[45,9,45,10],[46,0,47,0],[46,2,46,3],[46,9,46,10],[46,13,46,13],[47,2,47,3],[47,9,47,10],[47,13,47,13],[48,2,48,3],[48,9,48,10],[49,0,50,0],[49,2,49,3],[49,9,49,10],[49,13,49,13],[50,2,50,3],[50,9,50,10],[50,13,50,13],[51,2,51,3],[51,9,51,10],[52,0,53,0],[52,2,52,3],[52,9,52,10],[52,13,52,13],[53,2,53,3],[53,9,53,10],[53,13,53,13],[54,2,54,3],[54,9,54,10],[55,0,56,0],[55,2,55,3],[55,9,55,10],[55,13,55,13],[56,2,56,3],[56,9,56,10],[56,13,56,13],[57,2,57,3],[57,9,57,10],[58,0,59,0],[58,2,58,3],[58,9,58,10],[58,13,58,13],[59,2,59,3],[59,9,59,10],[59,13,59,13],[60,2,60,3],[60,9,60,10],[61,0,61,13],[62,0,62,9],[62,10,62,13],[63,0,64,0],[63,1,64,1],[63,2,64,3],[63,4,64,4],[63,5,64,5],[63,6,63,12],[63,13,64,13],[64,9,64,10],[65,0,66,0],[65,2,65,3],[65,9,65,10],[65,13,65,13],[66,2,66,3],[66,9,66,10],[66,13,66,13],[67,2,67,3],[67,9,67,10],[68,0,69,0],[68,2,68,3],[68,9,68,10],[68,13,68,13],[69,2,69,3],[69,9,69,10],[69,13,69,13],[70,2,70,3],[70,9,70,10],[71,0,72,0],[71,2,71,3],[71,9,71,10],[71,13,71,13],[72,2,72,3],[72,9,72,10],[72,13,72,13],[73,2,73,3],[73,9,73,10],[74,0,75,0],[74,2,74,3],[74,9,74,10],[74,13,74,13],[75,2,75,3],[75,9,75,10],[75,13,75,13],[76,2,76,3],[76,9,76,10],[77,0,78,0],[77,2,77,3],[77,9,77,10],[77,13,77,13],[78,2,78,3],[78,9,78,10],[78,13,78,13],[79,2,79,3],[79,9,79,10],[80,0,81,0],[80,2,80,3],[80,9,80,10],[80,13,80,13],[81,2,81,3],[81,9,81,10],[81,13,81,13],[82,2,82,3],[82,9,82,10],[83,0,83,0],[83,2,83,3],[83,9,83,10],[83,13,83,13],[84,0,84,13],[85,0,85,9],[85,10,85,13],[86,0,87,0],[86,1,87,1],[86,2,87,3],[86,4,87,4],[86,5,87,5],[86,6,86,12],[86,13,87,13],[87,9,87,10],[88,0,88,0],[88,2,88,3],[88,9,88,10],[88,13,88,13],[89,2,89,3],[89,9,89,10],[90,0,91,0],[90,2,90,3],[90,9,90,10],[90,13,90,13],[91,2,91,3],[91,9,91,10],[91,13,91,13],[92,2,92,3],[92,9,92,10],[93,2,93,3],[93,9,93,10],[94,0,99,0],[94,2,94,3],[94,9,94,10],[94,13,94,13],[95,2,95,3],[95,9,95,10],[95,13,99,13],[96,2,96,3],[96,9,96,10],[97,2,97,3],[97,9,97,10],[98,2,98,3],[98,9,98,10],[99,2,99,3],[99,9,99,10],[100,2,100,3],[100,9,100,10],[101,0,101,0],[101,2,101,3],[101,9,101,10],[101,13,101,13],[102,0,102,13],[103,0,103,9],[103,10,103,13],[104,0,105,0],[104,1,105,1],[104,2,105,3],[104,4,105,4],[104,5,105,5],[104,6,104,12],[104,13,105,13],[105,9,105,10],[106,0,108,0],[106,2,106,3],[106,9,106,10],[106,13,108,13],[107,2,107,3],[107,9,107,10],[108,2,108,3],[108,9,108,10],[109,2,109,3],[109,9,109,10],[110,0,112,0],[110,2,110,3],[110,9,110,10],[110,13,110,13],[111,2,111,3],[111,9,111,10],[111,13,112,13],[112,2,112,3],[112,9,112,10],[113,2,113,3],[113,9,113,10],[114,0,115,0],[114,2,114,3],[114,9,114,10],[114,13,114,13],[115,2,115,3],[115,9,115,10],[115,13,115,13],[116,2,116,3],[116,9,116,10],[117,0,118,0],[117,2,117,3],[117,9,117,10],[117,13,117,13],[118,2,118,3],[118,9,118,10],[118,13,118,13],[119,2,119,3],[119,9,119,10],[120,0,120,13],[121,0,121,9],[121,10,121,13],[122,0,123,0],[122,1,123,1],[122,2,123,3],[122,4,123,4],[122,5,123,5],[122,6,122,12],[122,13,123,13],[123,9,123,10],[124,0,125,0],[124,2,124,3],[124,9,124,10],[124,13,124,13],[125,2,125,3],[125,9,125,10],[125,13,125,13],[126,2,126,3],[126,9,126,10],[127,0,128,0],[127,2,127,3],[127,9,127,10],[127,13,127,13],[128,2,128,3],[128,9,128,10],[128,13,128,13],[129,2,129,3],[129,9,129,10],[130,0,131,0],[130,2,130,3],[130,9,130,10],[130,13,130,13],[131,2,131,3],[131,9,131,10],[131,13,131,13],[132,2,132,3],[132,9,132,10],[133,0,135,0],[133,2,133,3],[133,9,133,10],[133,13,133,13],[134,2,134,3],[134,9,134,10],[134,13,135,13],[135,2,135,3],[135,9,135,10],[136,2,136,3],[136,9,136,10],[137,0,138,0],[137,2,137,3],[137,9,137,10],[137,13,137,13],[138,2,138,3],[138,9,138,10],[138,13,138,13],[139,2,139,3],[139,9,139,10],[140,0,142,0],[140,2,140,3],[140,9,140,10],[140,13,140,13],[141,2,141,3],[141,9,141,10],[141,13,142,13],[142,2,142,3],[142,9,142,10],[143,2,143,3],[143,9,143,10],[144,0,144,13],[145,0,145,9],[145,10,145,13],[146,0,147,0],[146,1,147,1],[146,2,147,3],[146,4,147,4],[146,5,147,5],[146,6,146,12],[146,13,147,13],[147,9,147,10],[148,0,150,0],[148,2,148,3],[148,9,148,10],[148,13,148,13],[149,2,149,3],[149,9,149,10],[149,13,150,13],[150,2,150,3],[150,9,150,10],[151,2,151,3],[151,9,151,10],[152,0,152,0],[152,2,152,3],[152,9,152,10],[152,13,152,13],[153,0,153,0],[153,2,153,3],[153,9,153,10],[153,13,153,13],[154,0,154,0],[154,2,154,3],[154,9,154,10],[154,13,154,13],[155,0,155,0],[155,2,155,3],[155,9,155,10],[155,13,155,13],[156,0,156,0],[156,2,156,3],[156,9,156,10],[156,13,156,13],[157,0,157,0],[157,2,157,3],[157,9,157,10],[157,13,157,13],[158,0,158,0],[158,2,158,3],[158,9,158,10],[158,13,158,13],[159,0,159,0],[159,2,159,3],[159,9,159,10],[159,13,159,13],[160,0,160,0],[160,2,160,3],[160,9,160,10],[160,13,160,13],[161,0,161,0],[161,2,161,3],[161,9,161,10],[161,13,161,13],[162,0,162,0],[162,2,162,3],[162,9,162,10],[162,13,162,13],[163,0,163,0],[163,2,163,3],[163,9,163,10],[163,13,163,13],[164,0,164,0],[164,2,164,3],[164,9,164,10],[164,13,164,13],[165,0,165,0],[165,2,165,3],[165,9,165,10],[165,13,165,13],[166,0,166,0],[166,2,166,3],[166,9,166,10],[166,13,166,13],[167,0,167,0],[167,2,167,3],[167,9,167,10],[167,13,167,13],[168,0,168,0],[168,2,168,3],[168,9,168,10],[168,13,168,13]]}
["分部分项工程量清单综合单价分析表"]
["工程名称：板桥公园、廖地公园建设工程--文化围墙",{"$nulls":9},"第 1 页 共 8 页"]
["序号","编码","名称",null,"单位","工程量 ","其中：（元）",{"$nulls":6},"综合单价\n（元）"]
[{"$nulls":6},"人工费","材料费","机械费","管理费",null,"利润","小计"]
[null,null,"余泥渣土运输费"]
[1,"010103002001","余方弃置",null,"m3",24.22,0.39,null,9.2,1.49,null,1.92,12.99]
[null,"A1-1-51","挖掘机装土方",null,"1000m3",0.02422,0.39,null,1.93,0.36,null,0.46,3.14,12.99]
[null,"A1-1-53","自卸汽车运土方 运距1km内",null,"1000m3",0.02422,null,null,7.27,1.13,null,1.45,9.86]
[]
[null,null,"土石方工程"]
[2,"010101003001","挖沟槽土方",null,"m3",40.4,2.1,null,3.72,0.9,null,1.16,7.88]
[null,"A1-1-18","人工挖沟槽土方 一、二类土 深度在2m内",null,"100m3",0.0202,1.49,null,null,0.23,null,0.3,2.02,7.88]
[null,"A1-1-41","挖掘机挖沟槽、基坑土方 一、二类土",null,"1000m3",0.03838,0.61,null,3.72,0.67,null,0.87,5.86]
[]
[3,"010101004001","挖基坑土方",null,"m3",24.3,2.17,null,3.72,0.91,null,1.18,7.98]
[null,"A1-1-9","人工挖基坑土方 一、二类土 深度在2m内",null,"100m3",0.01215,1.56,null,null,0.24,null,0.31,2.12,7.98]
[null,"A1-1-41","挖掘机挖沟槽、基坑土方 一、二类土",null,"1000m3",0.023085,0.61,null,3.72,0.67,null,0.87,5.86]
[]
[4,"010103001001","回填方",null,"m3",40.48,12.32,null,2.09,2.23,null,2.88,19.53]
[null,"A1-1-129","回填土 夯实机夯实 槽、坑",null,"100m3",0.4048,12.32,null,2.09,2.23,null,2.88,19.53,19.53]
[]
[null,null,"砌筑工程"]
["分部分项工程量清单综合单价分析表"]
["工程名称：板桥公园、廖地公园建设工程--文化围墙",{"$nulls":9},"第 2 页 共 8 页"]
["序号","编码","名称",null,"单位","工程量 ","其中：（元）",{"$nulls":6},"综合单价\n（元）"]
[{"$nulls":6},"人工费","材料费","机械费","管理费",null,"利润","小计"]
[5,"010402001001","砌块墙",null,"m3",16.47,161.77,336.08,null,24.49,null,32.36,554.7]
[null,"A1-4-48 换","蒸压加气混凝土砌块外墙 墙体厚度 20cm \u007f换为【湿拌砌筑砂浆砌筑灰缝≥5mm M7.5】",null,"10m3",1.647,161.77,336.08,null,24.49,null,32.36,554.7,554.7]
[]
[6,"010402001002","砌块墙",null,"m3",1.64,151.76,330.29,null,22.98,null,30.35,535.38]
[null,"A1-4-50 换","蒸压加气混凝土砌块外墙 墙体厚度 30cm \u007f换为【湿拌砌筑砂浆砌筑灰缝≥5mm M7.5】",null,"10m3",0.164,151.76,330.29,null,22.98,null,30.35,535.38,535.38]
[]
[null,null,"混凝土及钢筋混凝土工程"]
[7,"010501001001","垫层",null,"m3",1.17,57.84,591.52,null,16.63,null,11.57,677.55]
[null,"A1-5-78 换","混凝土垫层 \u007f换为【普通预拌混凝土碎石粒径综合考虑 C15】",null,"10m3",0.117,57.84,591.52,null,16.62,null,11.56,677.55,677.55]
[]
[8,"010501002001","带形基础",null,"m3",13.21,45.69,636.34,0.81,13.37,null,9.3,705.51]
[null,"A1-5-2 换","现浇建筑物混凝土 其他混凝土基础 \u007f换为【普通预拌混凝土碎石粒径综合考虑 C25】",null,"10m3",1.321,45.69,636.34,0.81,13.37,null,9.3,705.51,705.51]
[]
[9,"010501003001","独立基础",null,"m3",3.15,45.69,636.34,0.81,13.37,null,9.3,705.51]
[null,"A1-5-2 换","现浇建筑物混凝土 其他混凝土基础 \u007f换为【普通预拌混凝土碎石粒径综合考虑 C25】",null,"10m3",0.315,45.69,636.34,0.81,13.37,null,9.3,705.51,705.51]
[]
["分部分项工程量清单综合单价分析表"]
["工程名称：板桥公园、廖地公园建设工程--文化围墙",{"$nulls":9},"第 3 页 共 8 页"]
["序号","编码","名称",null,"单位","工程量 ","其中：（元）",{"$nulls":6},"综合单价\n（元）"]
[{"$nulls":6},"人工费","材料费","机械费","管理费",null,"利润","小计"]
[10,"010502001001","矩形柱",null,"m3",1.65,118.1,647,1.3,34.33,null,23.88,824.61]
[null,"A1-5-5 换","现浇建筑物混凝土 矩形、多边形、异形、圆形柱、钢管柱 \u007f换为【普通预拌混凝土碎石粒径综合考虑 C25】",null,"10m3",0.165,118.1,647,1.3,34.33,null,23.88,824.61,824.61]
[]
[11,"010502002001","构造柱",null,"m3",2.73,188.53,629.36,1.3,54.58,null,37.97,911.75]
[null,"A1-5-6 换","现浇建筑物混凝土 构造柱 \u007f换为【普通预拌混凝土碎石粒径综合考虑 C25】",null,"10m3",0.273,188.53,629.36,1.3,54.58,null,37.97,911.74,911.75]
[]
[12,"010503001001","基础梁",null,"m3",1.75,36.43,647.35,1.31,10.85,null,7.55,703.5]
[null,"A1-5-8 换","现浇建筑物混凝土 基础梁 \u007f换为【普通预拌混凝土碎石粒径综合考虑 C25】",null,"10m3",0.175,36.43,647.35,1.31,10.85,null,7.55,703.5,703.5]
[]
[13,"010505001001","有梁板",null,"m3",4.81,46.6,650.36,1.47,13.82,null,9.61,721.86]
[null,"A1-5-14 换","现浇建筑物混凝土 平板、有梁板、无梁板 \u007f换为【普通预拌混凝土碎石粒径综合考虑 C25】",null,"10m3",0.481,46.6,650.36,1.47,13.82,null,9.61,721.86,721.86]
[]
[14,"010503004001","圈梁",null,"m3",0.19,115.68,665.74,1.32,33.63,null,23.4,839.76]
[null,"A1-5-10 换","现浇建筑物混凝土 圈、过、弧形梁 \u007f换为【普通预拌混凝土碎石粒径综合考虑 C30】",null,"10m3",0.019,115.68,665.74,1.32,33.63,null,23.42,839.74,839.76]
[]
["分部分项工程量清单综合单价分析表"]
["工程名称：板桥公园、廖地公园建设工程--文化围墙",{"$nulls":9},"第 4 页 共 8 页"]
["序号","编码","名称",null,"单位","工程量 ","其中：（元）",{"$nulls":6},"综合单价\n（元）"]
[{"$nulls":6},"人工费","材料费","机械费","管理费",null,"利润","小计"]
[15,"010507005001","扶手、压顶",null,"m3",4.04,231.04,658.41,null,66.42,null,46.21,1002.08]
[null,"A1-5-35 换","现浇混凝土其他构件 压顶、扶手 \u007f换为【普通预拌混凝土碎石粒径综合考虑 C30】",null,"10m3",0.404,231.04,658.41,null,66.42,null,46.21,1002.08,1002.08]
[]
[16,"010503005001","过梁",null,"m3",0.4,115.68,626.35,1.3,33.63,null,23.4,800.37]
[null,"A1-5-10 换","现浇建筑物混凝土 圈、过、弧形梁 \u007f换为【普通预拌混凝土碎石粒径综合考虑 C20】",null,"10m3",0.04,115.68,626.35,1.3,33.63,null,23.4,800.38,800.37]
[]
[17,"010515001001","现浇构件钢筋",null,"t",0.082,710.24,4967.8,28.66,212.44,null,147.78,6066.9]
[null,"A1-5-102","现浇构件圆钢 φ10内",null,"t",0.082,710.24,4967.8,28.66,212.44,null,147.8,6066.95,6066.9]
[]
[18,"010515001002","现浇构件钢筋",null,"t",0.017,445.29,5022.35,52.35,142.98,null,99.46,5762.13]
[null,"A1-5-103","现浇构件圆钢 φ25内",null,"t",0.017,445.29,5022.35,52.35,142.94,null,99.41,5762.35,5762.13]
[]
[19,"010515001003","现浇构件钢筋",null,"t",1.301,478.16,5567.57,53.56,152.87,null,106.34,6358.5]
[null,"A1-5-106","现浇构件带肋钢筋 φ25以内",null,"t",1.301,478.16,5567.57,53.56,152.87,null,106.34,6358.5,6358.5]
[]
[20,"010515001005","现浇构件钢筋",null,"t",0.43,656.02,5626.56,29.4,197.06,null,137.08,6646.11]
[null,"A1-5-105","现浇构件带肋钢筋 φ10以内",null,"t",0.43,656.02,5626.56,29.4,197.07,null,137.07,6646.12,6646.11]
[]
[21,"010515001004","现浇构件钢筋",null,"t",0.152,1246.12,5521.38,59.41,375.34,null,261.11,7463.38]
["分部分项工程量清单综合单价分析表"]
["工程名称：板桥公园、廖地公园建设工程--文化围墙",{"$nulls":9},"第 5 页 共 8 页"]
["序号","编码","名称",null,"单位","工程量 ","其中：（元）",{"$nulls":6},"综合单价\n（元）"]
[{"$nulls":6},"人工费","材料费","机械费","管理费",null,"利润","小计"]
[null,"A1-5-111","现浇构件箍筋 圆钢 φ10以内",null,"t",0.152,1246.12,5521.38,59.41,375.33,null,261.12,7463.36,7463.38]
[]
[22,"010515001006","现浇构件钢筋",null,"t",0.456,1451.69,5644.82,59.98,434.61,null,302.33,7893.43]
[null,"A1-5-113","现浇构件箍筋 带肋钢筋(HRB400内) φ10以内",null,"t",0.456,1451.69,5644.82,59.98,434.61,null,302.32,7893.42,7893.43]
[]
[null,null,"其他装饰工程"]
[23,"040203008001","块料面层",null,"m2",12.95,40.96,232.66,5.32,5.26,null,9.26,293.46]
[null,"借D2-4-3 换","花岗岩人行道砖 5cm \u007f换为【湿拌地面砂浆地面普通找平 M20】",null,"100m2",0.1295,27.21,139.26,null,3.09,null,5.44,175.01,293.46]
[null,"借D2-4-14 换","人行道垫层 混凝土 厚度 15cm \u007f实际厚度(cm):10 \u007f换为【普通预拌混凝土碎石粒径综合考虑 C25】",null,"100m2",0.1295,12.23,63.71,0.12,1.4,null,2.47,79.94]
[null,"借D2-2-4","集中拌合水泥石屑混合料 水泥含量 6%",null,"m3",1.295,1.09,29.53,0.84,0.22,null,0.39,32.07]
[null,"借D2-2-8 换","自卸汽车运输水泥石屑(碎石)混合料 自卸汽车装载 第一个1km \u007f实际运距(km):15",null,"100m3",0.01295,null,null,3.29,0.37,null,0.66,4.33]
[null,"借D2-2-12 换","机械铺筑水泥石屑(碎石)混合料 厚度 15cm \u007f实际厚度(cm):10",null,"100m2",0.1295,0.42,0.16,1.07,0.17,null,0.3,2.12]
[]
[24,"011201001001","抹灰面油漆",null,"m2",147.05,59.84,90.18,0.8,9.3,null,12.13,172.24]
["分部分项工程量清单综合单价分析表"]
["工程名称：板桥公园、廖地公园建设工程--文化围墙",{"$nulls":9},"第 6 页 共 8 页"]
["序号","编码","名称",null,"单位","工程量 ","其中：（元）",{"$nulls":6},"综合单价\n（元）"]
[{"$nulls":6},"人工费","材料费","机械费","管理费",null,"利润","小计"]
[null,"A1-13-2 换","底层抹灰15mm 各种墙面 外墙 \u007f实际水泥石灰砂浆厚度(mm):8 \u007f换为【湿拌抹灰砂浆一次抹灰厚度≥5mm M15】",null,"100m2",1.4705,14.54,5.87,null,2.25,null,2.91,25.58,172.24]
[null,"A1-13-23","墙面 聚合物水泥砂浆 20mm",null,"100m2",1.4705,22.24,38.95,0.8,3.57,null,4.61,70.18]
[null,"A1-15-144","氟碳漆成活 墙面及天棚面",null,"100m2",1.4705,23.05,45.36,null,3.47,null,4.61,76.49]
[]
[25,"011204003001","块料墙面",null,"m2",36.02,63.3,54.52,null,9.81,null,12.66,140.3]
[null,"A1-13-153 换","墙面镶贴陶瓷面砖密缝 1:2水泥砂浆 块料周长600内  \u007f换为【湿拌抹灰砂浆一次抹灰厚度≥5mm M20】",null,"100m2",0.3602,43.9,38.72,null,6.8,null,8.78,98.2,140.3]
[null,"A1-13-2 换","底层抹灰15mm 各种墙面 外墙 \u007f实际水泥石灰砂浆厚度(mm):20  \u007f换为【湿拌抹灰砂浆一次抹灰厚度≥5mm M20】",null,"100m2",0.3602,19.41,15.8,null,3.01,null,3.88,42.09]
[]
[26,"010901001001","瓦屋面",null,"m2",23.38,41.82,40.92,0.38,6.1,null,8.44,97.65]
[null,"A1-10-27 换","小青瓦屋面 搭七留三 有底瓦 \u007f换为【湿拌抹灰砂浆一次抹灰厚度≥5mm M15】",null,"100m2",0.2338,41.82,40.92,0.38,6.1,null,8.44,97.65,97.65]
[]
[27,"01B001","灰蓝色陶瓦脊",null,"m",38.33,null,45,{"$nulls":4},45]
[null,"补子目4","灰蓝色陶瓦脊",null,"m",38.33,null,45,{"$nulls":4},45,45]
[]
["分部分项工程量清单综合单价分析表"]
["工程名称：板桥公园、廖地公园建设工程--文化围墙",{"$nulls":9},"第 7 页 共 8 页"]
["序号","编码","名称",null,"单位","工程量 ","其中：（元）",{"$nulls":6},"综合单价\n（元）"]
[{"$nulls":6},"人工费","材料费","机械费","管理费",null,"利润","小计"]
[28,"01B002","灰蓝色陶博古收头",null,"个",4,null,150,{"$nulls":4},150]
[null,"补子目5","灰蓝色陶博古收头",null,"个",4,null,150,{"$nulls":4},150,150]
[]
[29,"020111003001","成品挂落",null,"个",6,null,180,{"$nulls":4},180]
[null,"补子目1","挂落",null,"个",6,null,180,{"$nulls":4},180,180]
[]
[30,"020602014001","成品塔顶",null,"个",1,null,260,{"$nulls":4},260]
[null,"补子目3","成品塔顶",null,"个",1,null,260,{"$nulls":4},260,260]
[]
[31,"010807001001","烧制瓦片拼接漏花",null,"m2",8.32,16.4,68.38,null,2.4,null,3.28,90.46]
[null,"A1-9-208 换","烧制瓦片拼接漏花窗安装 矩形",null,"100m2",0.0832,16.4,43.38,null,2.4,null,3.28,65.46,90.46]
[null,"MC1-102","烧制瓦片拼接漏花",null,"m2",8.32,null,25,{"$nulls":4},25]
[]
[32,"011502001001","金属装饰线",null,"m",22.72,2.7,15.55,null,0.38,null,0.54,19.17]
[null,"A1-16-34","金属饰线(直线) 玻璃胶粘贴 宽度30mm以内",null,"100m",0.2272,2.7,15.55,null,0.38,null,0.54,19.17,19.17]
[]
[33,"050305004002","凉亭坐凳",null,"m",7,51.88,203.76,13.26,11.32,null,13.03,293.23]
[null,"A1-5-31 换","现浇混凝土其他构件 小型构件 \u007f换为【普通预拌混凝土碎石粒径综合考虑 C25】",null,"10m3",0.037,14.67,34.38,null,4.22,null,2.93,56.19,293.23]
[null,"A1-16-106 换","钢栏杆 制安",null,"100m",0.078,37.21,169.38,13.26,7.1,null,10.09,237.04]
[]
["分部分项工程量清单综合单价分析表"]
["工程名称：板桥公园、廖地公园建设工程--文化围墙",{"$nulls":9},"第 8 页 共 8 页"]
["序号","编码","名称",null,"单位","工程量 ","其中：（元）",{"$nulls":6},"综合单价\n（元）"]
[{"$nulls":6},"人工费","材料费","机械费","管理费",null,"利润","小计"]
[34,"010804003001","铁艺门",null,"m2",3.6,67.36,299.91,17.82,12.49,null,17.03,414.6]
[null,"A1-9-149 换","钢大门 制作",null,"t",0.059,48.67,298.44,16.45,9.55,null,13.03,386.13,414.6]
[null,"A1-9-150","钢大门 安装",null,"t",0.059,18.69,1.47,1.37,2.94,null,4.01,28.47]

{"sheet":"表-11 总价措施项目清单与计价表","index":3,"n_rows":12,"n_cols":11,"rows_kept":12,"merged":[[0,0,0,10],[1,0,1,5],[1,6,1,7],[1,8,1,10],[2,5,2,6],[2,7,2,8],[3,5,3,6],[3,7,3,8],[4,5,4,6],[4,7,4,8],[5,5,5,6],[5,7,5,8],[6,5,6,6],[6,7,6,8],[7,5,7,6],[7,7,7,8],[8,0,8,4],[8,5,8,6],[8,7,8,8],[9,0,9,5],[9,6,9,10],[10,0,10,10],[11,0,11,5],[11,6,11,7],[11,8,11,10]]}
["总价措施项目清单与计价表"]
["工程名称：板桥公园、廖地公园建设工程--文化围墙",{"$nulls":5},"标段：",null,"第 1 页  共 1 页"]
["序号","项目编码","项目名称","计算基础","费率\n(%)","金额\n(元)",null,"调整\n费率(%)",null,"调整后\n金额(元)","备注"]
["1","LSSGCSF00001","绿色施工安全防护措施费","分部分项人工费+分部分项机具费","19",4301,{"$nulls":4},"以分部分项的人工费与施工机具费之和为计算基础，费率19%"]
["2","WMGDZJF00001","文明工地增加费","分部分项人工费+分部分项机具费","0",{"$nulls":5},"以分部分项的人工费与施工机具费之和为计算基础，市级文明工地为1.20%；省级文明工地为2.10%"]
["3","011707002001","夜间施工增加费",null,"20",{"$nulls":5},"以夜间施工项目人工费的20%计算"]
["4","GGCSF0000001","赶工措施费","分部分项人工费+分部分项机具费","0",{"$nulls":5},"赶工措施费=（1-δ）*分部分项的（人工费+施工机具费）*0.3 （0.8≤δ＜1   式中：δ=合同工期/定额工期）"]
["5","QTFY00000001","其他费用",{"$nulls":7},"按经批准的专项施工组织方案计算"]
["合    计",{"$nulls":4},4301]
["编制人（造价人员）：",{"$nulls":5},"复核人（造价工程师）："]
["注：1.“计算基础”中安全文明施工费可为“定额基价”、“定额人工费”或“定额人工费+定额机械费”，其他项目可为“定额人工费”或“定额人工费+定额机械费”。\n    2.按施工方案计算的措施费，若无“计算基础”和“费率”的数值，也可只填“金额”数值，但应在备注栏说明施工方案出处或计算方法。"]
[{"$nulls":8},"表-11"]

{"sheet":"表-12 其他项目清单与计价汇总表","index":4,"n_rows":38,"n_cols":7,"rows_kept":38,"merged":[[0,0,0,4],[0,5,0,7],[1,0,1,7],[2,0,2,2],[2,3,2,4],[2,5,2,7],[3,2,3,3],[3,4,3,5],[4,2,4,3],[4,4,4,5],[5,2,5,3],[5,4,5,5],[6,2,6,3],[6,4,6,5],[7,2,7,3],[7,4,7,5],[8,2,8,3],[8,4,8,5],[9,2,9,3],[9,4,9,5],[10,2,10,3],[10,4,10,5],[11,2,11,3],[11,4,11,5],[12,2,12,3],[12,4,12,5],[13,2,13,3],[13,4,13,5],[14,2,14,3],[14,4,14,5],[15,2,15,3],[15,4,15,5],[16,2,16,3],[16,4,16,5],[17,2,17,3],[17,4,17,5],[18,2,18,3],[18,4,18,5],[19,2,19,3],[19,4,19,5],[20,2,20,3],[20,4,20,5],[21,2,21,3],[21,4,21,5],[22,2,22,3],[22,4,22,5],[23,2,23,3],[23,4,23,5],[24,2,24,3],[24,4,24,5],[25,2,25,3],[25,4,25,5],[26,2,26,3],[26,4,26,5],[27,2,27,3],[27,4,27,5],[28,2,28,3],[28,4,28,5],[29,2,29,3],[29,4,29,5],[30,2,30,3],[30,4,30,5],[31,2,31,3],[31,4,31,5],[32,2,32,3],[32,4,32,5],[33,2,33,3],[33,4,33,5],[34,2,34,3],[34,4,34,5],[35,2,35,3],[35,4,35,5],[36,0,36,7],[37,0,37,2],[37,3,37,4],[37,5,37,7]]}
[]
["其他项目清单与计价汇总表"]
["工程名称：板桥公园、廖地公园建设工程--文化围墙",null,null,"标段：",null,"第 1 页  共 1 页"]
["序号","项目名称","金额（元）",null,"结算金额（元）",null,"备注"]
["1","暂列金额",{"$nulls":4},"明细详见表-12-1"]
["2","暂估价"]
["2.1","材料暂估价","—",{"$nulls":3},"明细详见表-12-2"]
["2.2","专业工程暂估价",{"$nulls":4},"明细详见表-12-3"]
["3","计日工",{"$nulls":4},"明细详见表-12-4"]
["4","总承包服务费",{"$nulls":4},"明细详见表-12-5"]
["5","预算包干费","1584.58"]
["6","工程优质费"]
["7","概算幅度差"]
["8","现场签证费用"]
["9","索赔费用"]
["10","其他费用"]
{"$rows_empty":19}
[null,"合  计","1584.58",{"$nulls":3},"—"]
["注：材料（工程设备）暂估单价进入清单项目综合单价，此处不汇总。"]
[{"$nulls":5},"表—12"]

{"sheet":"表-13 规费、税金项目清单与计价表","index":5,"n_rows":37,"n_cols":8,"rows_kept":37,"merged":[[0,0,0,7],[1,0,1,2],[1,3,1,5],[1,6,1,7],[2,2,2,3],[2,5,2,6],[3,2,3,3],[3,5,3,6],[4,2,4,3],[4,5,4,6],[5,2,5,3],[5,5,5,6],[6,2,6,3],[6,5,6,6],[7,2,7,3],[7,5,7,6],[8,2,8,3],[8,5,8,6],[9,2,9,3],[9,5,9,6],[10,2,10,3],[10,5,10,6],[11,2,11,3],[11,5,11,6],[12,2,12,3],[12,5,12,6],[13,2,13,3],[13,5,13,6],[14,2,14,3],[14,5,14,6],[15,2,15,3],[15,5,15,6],[16,2,16,3],[16,5,16,6],[17,2,17,3],[17,5,17,6],[18,2,18,3],[18,5,18,6],[19,2,19,3],[19,5,19,6],[20,2,20,3],[20,5,20,6],[21,2,21,3],[21,5,21,6],[22,2,22,3],[22,5,22,6],[23,2,23,3],[23,5,23,6],[24,2,24,3],[24,5,24,6],[25,2,25,3],[25,5,25,6],[26,2,26,3],[26,5,26,6],[27,2,27,3],[27,5,27,6],[28,2,28,3],[28,5,28,6],[29,2,29,3],[29,5,29,6],[30,2,30,3],[30,5,30,6],[31,2,31,3],[31,5,31,6],[32,2,32,3],[32,5,32,6],[33,2,33,3],[33,5,33,6],[34,0,34,6],[35,0,35,2],[35,3,35,7],[36,0,36,2],[36,3,36,5],[36,6,36,7]]}
["规费、税金项目清单与计价表"]
["工程名称：板桥公园、廖地公园建设工程--文化围墙",null,null,"标段：",null,null,"第 1 页  共 1 页"]
["序号","项目名称","计算基础",null,"取费基数","计算费率\n(%)",null,"金额(元)"]
["1","增值税销项税额","分部分项合计+措施合计+其他项目",null,123157.15,"9",null,11084.14]
{"$rows_empty":30}
["合    计",{"$nulls":6},11084.14]
[" 编制人（造价人员）：",null,null,"复核人（造价工程师）："]
[{"$nulls":6},"表—13"]

{"sheet":"单位工程人材机汇总表","index":6,"n_rows":142,"n_cols":9,"rows_kept":142,"merged":[[0,0,0,9],[1,0,1,5],[1,7,1,9],[2,5,2,7],[3,5,3,7],[4,5,4,7],[5,5,5,7],[6,5,6,7],[7,5,7,7],[8,5,8,7],[9,5,9,7],[10,5,10,7],[11,5,11,7],[12,5,12,7],[13,5,13,7],[14,5,14,7],[15,5,15,7],[16,5,16,7],[17,5,17,7],[18,5,18,7],[19,5,19,7],[20,5,20,7],[21,5,21,7],[22,5,22,7],[23,5,23,7],[24,5,24,7],[25,5,25,7],[26,5,26,7],[27,5,27,7],[28,5,28,7],[29,5,29,7],[30,5,30,7],[31,5,31,7],[32,5,32,7],[33,5,33,7],[34,5,34,7],[35,0,35,9],[36,0,36,5],[36,7,36,9],[37,5,37,7],[38,5,38,7],[39,5,39,7],[40,5,40,7],[41,5,41,7],[42,5,42,7],[43,5,43,7],[44,5,44,7],[45,5,45,7],[46,5,46,7],[47,5,47,7],[48,5,48,7],[49,5,49,7],[50,5,50,7],[51,5,51,7],[52,5,52,7],[53,5,53,7],[54,5,54,7],[55,5,55,7],[56,5,56,7],[57,5,57,7],[58,5,58,7],[59,5,59,7],[60,5,60,7],[61,5,61,7],[62,5,62,7],[63,5,63,7],[64,5,64,7],[65,5,65,7],[66,5,66,7],[67,5,67,7],[68,5,68,7],[69,5,69,7],[70,5,70,7],[71,0,71,9],[72,0,72,5],[72,7,72,9],[73,5,73,7],[74,5,74,7],[75,5,75,7],[76,5,76,7],[77,5,77,7],[78,5,78,7],[79,5,79,7],[80,5,80,7],[81,5,81,7],[82,5,82,7],[83,5,83,7],[84,5,84,7],[85,5,85,7],[86,5,86,7],[87,5,87,7],[88,5,88,7],[89,5,89,7],[90,5,90,7],[91,5,91,7],[92,5,92,7],[93,5,93,7],[94,5,94,7],[95,5,95,7],[96,5,96,7],[97,5,97,7],[98,5,98,7],[99,5,99,7],[100,5,100,7],[101,5,101,7],[102,5,102,7],[103,5,103,7],[104,5,104,7],[105,0,105,9],[106,0,106,5],[106,7,106,9],[107,5,107,7],[108,5,108,7],[109,5,109,7],[110,5,110,7],[111,5,111,7],[112,5,112,7],[113,5,113,7],[114,5,114,7],[115,5,115,7],[116,5,116,7],[117,5,117,7],[118,5,118,7],[119,5,119,7],[120,5,120,7],[121,5,121,7],[122,5,122,7],[123,5,123,7],[124,5,124,7],[125,5,125,7],[126,5,126,7],[127,5,127,7],[128,5,128,7],[129,5,129,7],[130,5,130,7],[131,5,131,7],[132,5,132,7],[133,5,133,7],[134,5,134,7],[135,5,135,7],[136,5,136,7],[137,5,137,7],[138,5,138,7],[139,5,139,7],[140,5,140,7],[141,5,141,7]]}
["单位工程人材机汇总表"]
["工程名称：板桥公园、廖地公园建设工程--文化围墙",{"$nulls":6},"第 1 页  共 4 页"]
["序号","编码","名称及规格","单位","数量","单价\n（元）",null,null,"合价\n（元）"]
[1,"00010010","人工费","元",30583.4173,1,null,null,30583.42]
[2,"01010015","热轧圆盘条综合","t",0.0189,4805.67,null,null,90.83]
[3,"01010030","热轧圆盘条φ10以内","t",0.0836,4805.67,null,null,401.75]
[4,"01010035","热轧圆盘条φ12~25","t",0.0174,4818.5,null,null,83.84]
[5,"01010040","螺纹钢筋φ25以内","t",1.3335,5349.63,null,null,7133.73]
[6,"01010120","螺纹钢筋φ10以内","t",0.9037,5471.5,null,null,4944.59]
[7,"01030017@1","镀锌低碳钢丝φ4.0","kg",49.2973,5.98,null,null,294.8]
[8,"01030031","镀锌低碳钢丝φ0.7~1.2","kg",12.3585,5.98,null,null,73.9]
[9,"01030035","镀锌低碳钢丝φ1.2~2.5","kg",1.4056,5.98,null,null,8.41]
[10,"01090022","圆钢φ10以内","t",0.155,5350.5,null,null,829.33]
[11,"01090033@1","黑色镀锌座椅栏杆20×20×1.5","t",0.0124,4550.08,null,null,56.42]
[12,"01130030@1","黑色镀锌座椅栏杆50×50×3","kg",31.0781,4.73,null,null,147]
[13,"01190002@1","不锈钢方管50×50×5","t",0.059,16251.2,null,null,958.82]
[14,"02270070","土工布","m2",43.3459,6.69,null,null,289.98]
[15,"03010155","不锈钢螺钉M5×12","十套",20.3341,2.23,null,null,45.35]
[16,"03010195","木螺钉M5×50","十套",40.6748,0.32,null,null,13.02]
[17,"03010430","六角螺栓综合","kg",0.5021,5.62,null,null,2.82]
[18,"03011325","对拉螺栓","kg",2.9692,5.38,null,null,15.97]
[19,"03013121","膨胀螺栓M6×80","十套",0.3307,2.65,null,null,0.88]
[20,"03019021","圆钉50~75","kg",41.8868,3.54,null,null,148.28]
[21,"03134011","水砂纸","张",17.646,0.77,null,null,13.59]
[22,"03135001@1","低碳钢焊条综合","kg",17.3334,6.01,null,null,104.17]
[23,"03210280","钢脚手直角扣件","个",6.3167,3.3,null,null,20.85]
[24,"03213001","铁件综合","kg",7.1592,6.96,null,null,49.83]
[25,"03213111","镀锌铁码","支",194.1306,0.47,null,null,91.24]
[26,"03213121","镀锌铁件","kg",17.3324,4.55,null,null,78.86]
[27,"04010015","复合普通硅酸盐水泥P.O 42.5","t",1.8642,528,null,null,984.3]
[28,"04010015@1","复合普通硅酸盐水泥P.O 42.5","t",0.3647,528,null,null,192.56]
[29,"04010045","白色硅酸盐水泥32.5","t",0.0036,839.63,null,null,3.02]
[30,"04030015","中砂","m3",3.6653,276.71,null,null,1014.23]
[31,"04070045","石屑","m3",1.7651,163.11,null,null,287.91]
[32,"04090015","生石灰","t",0.0004,407.67,null,null,0.16]
["单位工程人材机汇总表"]
["工程名称：板桥公园、廖地公园建设工程--文化围墙",{"$nulls":6},"第 2 页  共 4 页"]
["序号","编码","名称及规格","单位","数量","单价\n（元）",null,null,"合价\n（元）"]
[33,"04150010","蒸压加气混凝土砌块600×200×200","千块",0.6522,7082.88,null,null,4619.45]
[34,"04150030","蒸压加气混凝土砌块600×300×300","千块",0.0294,15889.5,null,null,467.15]
[35,"04170040","小青瓦盖瓦160×160×11","千块",2.1687,143.63,null,null,311.49]
[36,"04170050","小青瓦底瓦200×200×13","千块",1.6777,203.54,null,null,341.48]
[37,"05010030","松原木φ100~280","m3",0.0005,1061.87,null,null,0.53]
[38,"05030080","松杂板枋材","m3",1.4743,1348.1,null,null,1987.5]
[39,"05030190","松木方","m3",0.0002,1575.65,null,null,0.32]
[40,"05030370","松杂直边板","m3",0.0136,1418.15,null,null,19.29]
[41,"05050120","防水胶合板模板用 18mm","m2",22.4204,33.14,null,null,743.01]
[42,"07010000@1","仿古青砖120×240","m2",37.4608,33.5,null,null,1254.94]
[43,"12030050@1","铝管（深灰色）装饰条2厚20×20","m",23.1744,15.09,null,null,349.7]
[44,"13010035","丙烯酸聚氨酯漆","kg",35.1597,30,null,null,1054.79]
[45,"13030505","腻子粉(氟碳漆用)","kg",417.0338,4.5,null,null,1876.65]
[46,"13050440","酚醛红丹防锈漆","kg",15.3463,17.04,null,null,261.5]
[47,"13090015","氟碳清漆","kg",8.8965,86,null,null,765.1]
[48,"13090030","金属氟碳漆面漆","kg",25.7338,81.2,null,null,2089.58]
[49,"13410010","嵌缝料","kg",6.772,0.58,null,null,3.93]
[50,"13410050","软填料","kg",2.08,3.9,null,null,8.11]
[51,"14010030","松节油","kg",4.9279,8.84,null,null,43.56]
[52,"14350125","丙烯酸聚氨酯稀释剂","kg",20.7341,15,null,null,311.01]
[53,"14350250","隔离剂","kg",23.603,7.05,null,null,166.4]
[54,"14350273","氟碳漆固化剂","kg",2.3234,63,null,null,146.37]
[55,"14350275","丙烯酸固化剂","kg",6.2643,22,null,null,137.81]
[56,"14350410","聚合物乳液","kg",375.7128,9.87,null,null,3708.29]
[57,"14350687","氟碳漆面漆稀释剂","kg",6.9702,32,null,null,223.05]
[58,"14390070","氧气","m3",0.4378,5.16,null,null,2.26]
[59,"14390100","乙炔气","kg",0.1459,13.3,null,null,1.94]
[60,"14410120","玻璃胶","L",0.0341,33.47,null,null,1.14]
[61,"14410130","玻璃胶335克/支","支",6.0736,13.73,null,null,83.39]
[62,"14410490","墙边胶","L",2.5542,46.77,null,null,119.46]
[63,"20010010","镀锌法兰DN32","片",86.892,10.26,null,null,891.51]
[64,"34090010","白棉纱","kg",0.3602,11.47,null,null,4.13]
[65,"34110010","水","m3",13.782,4.58,null,null,63.12]
["单位工程人材机汇总表"]
["工程名称：板桥公园、廖地公园建设工程--文化围墙",{"$nulls":6},"第 3 页  共 4 页"]
["序号","编码","名称及规格","单位","数量","单价\n（元）",null,null,"合价\n（元）"]
[66,"34110010@1","水","m3",0.4646,4.58,null,null,2.13]
[67,"35030010","脚手架钢管","kg",107.065,3.42,null,null,366.16]
[68,"35030030","脚手架钢管底座","个",0.7586,7.05,null,null,5.35]
[69,"35030210","脚手板(钢笆网)","m2",2.8377,1.5,null,null,4.26]
[70,"35030220","挡脚板(钢笆网)","m2",0.7558,1.5,null,null,1.13]
[71,"35050025","密目式阻燃安全网","m2",27.6995,8.5,null,null,235.45]
[72,"35090230","钢支撑","kg",79.0125,6.48,null,null,512]
[73,"99450760","其他材料费","元",321.1765,1,null,null,321.18]
[74,"BCCLF11","成品塔顶","个",1,260,null,null,260]
[75,"BCCLF12","灰蓝色陶瓦脊","m",38.33,45,null,null,1724.85]
[76,"BCCLF13","灰蓝色陶博古收头","个",4,150,null,null,600]
[77,"BCCLF9","挂落","个",6,180,null,null,1080]
[78,"CLFTZ","材料费调整","元",-0.0369,1,null,null,-0.04]
[79,"MC1-102@1","烧制瓦片拼接漏花矩形","m2",8.32,25,null,null,208]
[80,"8021902","普通预拌混凝土碎石粒径综合考虑 C15","m3",1.1876,582,null,null,691.18]
[81,"8021903","普通预拌混凝土碎石粒径综合考虑 C20","m3",0.404,601,null,null,242.8]
[82,"8021904","普通预拌混凝土碎石粒径综合考虑 C25","m3",29.2676,622,null,null,18204.45]
[83,"8021905","普通预拌混凝土碎石粒径综合考虑 C30","m3",4.2723,640,null,null,2734.27]
[84,"8005902","湿拌砌筑砂浆砌筑灰缝≥5mm M7.5","m3",1.3901,632,null,null,878.54]
[85,"8005908@1","湿拌抹灰砂浆M15","m3",1.6809,656,null,null,1102.67]
[86,"8005909","湿拌抹灰砂浆一次抹灰厚度≥5mm M20","m3",1.0122,672,null,null,680.2]
[87,"8005911@1","湿拌地面砂浆M20","m3",0.3982,667,null,null,265.6]
[88,"08000005@1","芝麻灰花岗岩300×600×30mm","m2",13.209,115,null,null,1519.04]
[89,"00010003","机上人工","工日",2.4944,230,null,null,573.71]
[90,"99450630","折旧费","元",259.9811,1,null,null,259.98]
[91,"99450640","检修费","元",56.582,1,null,null,56.58]
[92,"99450650","维护费","元",196.4156,1,null,null,196.42]
[93,"99450660","安拆费","元",76.3073,1,null,null,76.31]
[94,"99450670","汽油(机械用)国Ⅲ93#","kg",0.1258,6.74,null,null,0.85]
[95,"99450680","柴油(机械用)0#","kg",62.8576,6.36,null,null,399.77]
[96,"99450680@1","柴油(机械用)0#","kg",0.2536,6.36,null,null,1.61]
["单位工程人材机汇总表"]
["工程名称：板桥公园、廖地公园建设工程--文化围墙",{"$nulls":6},"第 4 页  共 4 页"]
["序号","编码","名称及规格","单位","数量","单价\n（元）",null,null,"合价\n（元）"]
[97,"99450700","电(机械用)","kW·h",180.4063,0.77,null,null,138.91]
[98,"99450700@1","电(机械用)","kw·h",100.6361,0.77,null,null,77.49]
[99,"JXFTZ","机械费调整","元",-0.0026,1]
{"$rows_empty":30}
[null,null,"合计",{"$nulls":5},104442.67]